Statistics for Countries With The Most Tungsten

Click here to take the quiz!

General Stats

  • This quiz has been taken 15 times
  • The average score is 5 of 10

Answer Stats

Yearly Production (Tons)Country% Correct
64,000China
100%
3,537Russia
92%
381Brazil
85%
2,194Canada
77%
1,247Bolivia
38%
706Austria
23%
763Portugal
23%
542Spain
23%
1,050Vietnam
8%
700Rwanda
0%

Score Distribution

Percentile by Number Answered

Percent of People with Each Score

Your Score History

You have not taken this quiz